000 00707nam a2200217Ii 4500
003 JO-AjNU
008 230605s9999||||xx |||||||||||||| ||und||
017 _a2004/1/207
040 _aJO-AjNU
_bara
_erda
_cJO-AjNU
041 _aara
050 1 4 _aBP173.44.S2222 2006
100 3 _aسعد الدين، عدنان,
_eauthor
_97310
245 0 0 _aالبعد الإنساني في الرسالة الإسلامية
250 _aط2
264 3 1 _aعمان: دار عمار للنشر والتوزيع، 2006
300 _a2015ص
336 _atext
_btxt
_2rdacontent
337 _aunmediated
_bn
_2rdamedia
338 _avolume
_bnc
_2rdacarrier
650 4 _aالاسلام والحقوق المدنية
_97311
999 _aA215
_c3783
_d3783